000 00617nam a2200217 a 4500
001 46746
003 BD-RjUL
005 20211209054211.0
008 160804s1998 ii a 000 0 eng d
020 _a8172311761
035 _a(BD-RjUL)46865
040 _aXTM
_cXTM
_dBD-RjUL
_beng
041 _aeng
082 0 4 _a297.283
_223
_bDEC 1998
100 1 _aDeedat, Ahmed.
_998662
245 1 4 _aThe choice :
_bIslam and Christianity /
_cby Ahmed Deedat.
260 _aNew delhi :
_bIslamic Book Service,
_c1998.
300 _a240p. :
_bill. ;
_c22 cm.
650 0 _aIslam
_xRelations
_xChristianity.
_95519
942 _2ddc
_cBK
999 _c46746
_d46746